[Event "TCh-POL Ekstraliga 2018"]
[Site "Poland POL"]
[Date "2018.10.27"]
[Round "8.3"]
[Board "6"]
[White "Szczepkowska, Karina"]
[Black "Warakomska, Anna"]
[Result "1-0"]
[WhiteTitle "IM"]
[BlackTitle "WIM"]
[WhiteElo "2412"]
[BlackElo "2349"]
[WhiteTeam "KSz Stilon Gorzow Wlkp."]
[BlackTeam "Akademia Szachowa ChessGrow Gliwice"]
[WhiteFideId "1122681"]
[BlackFideId "1130790"]
[EventDate "2018.06.08"]

1. d4 Nf6 2. c4 e6 3. Nf3 d5 4. Bg5 dxc4 5. Qa4+ Nbd7 6. Nc3 Be7 7. e3 O-O 8.
Qxc4 a6 9. Be2 b5 10. Qb3 c5 11. O-O cxd4 12. Nxd4 Bb7 13. Qd1 Nc5 14. Bf3 Nfe4
15. Bxe7 Qxe7 16. Nxe4 Nxe4 17. Qe2 Rfd8 18. Rfd1 e5 19. Nb3 Rac8 20. Rxd8+ Rxd8
21. Rd1 g6 22. h3 Kg7 23. Rxd8 Qxd8 24. Qc2 Nd6 25. Bxb7 Nxb7 26. Qe4 Qc7 27.
Qd5 h5 28. g3 Kh7 29. Nd2 Kg7 30. Ne4 Nd8 31. Nc5 a5 32. Nd3 Nc6 33. Qxb5 Qd6
34. e4 Kh6 35. Qd5 Qc7 36. Qc5 Kg7 37. b4 axb4 38. Nxb4 Qa5 39. Qxc6 Qxb4 40.
Qd5 f6 41. h4 Qb2 42. Kg2 Qa3 43. Qc4 g5 44. hxg5 fxg5 45. Qc7+ Kf6 46. Qd8+ Kg6
47. Qg8+ Kf6 48. Qh8+ Kg6 49. Qxe5 Qxa2 50. Qf5+ Kh6 51. Qf6+ Kh7 52. Qxg5 Qe2
53. Qf5+ Kg7 54. e5 1-0

[Event "TCh-POL Ekstraliga 2018"]
[Site "Poland POL"]
[Date "2018.10.27"]
[Round "8.4"]
[Board "1"]
[White "Nasuta, Grzegorz"]
[Black "Klekowski, Maciej"]
[Result "1/2-1/2"]
[WhiteTitle "IM"]
[BlackTitle "IM"]
[WhiteElo "2490"]
[BlackElo "2509"]
[WhiteTeam "UKS Hetman Czestochowa"]
[BlackTeam "TS Wisla Krakow"]
[WhiteFideId "1141686"]
[BlackFideId "1132717"]
[EventDate "2018.06.08"]

1. e4 e5 2. Nf3 Nc6 3. Bc4 Nf6 4. d3 Be7 5. O-O O-O 6. Re1 d6 7. a4 Kh8 8. a5 a6
9. Nc3 Bg4 10. h3 Bh5 11. Be3 Qd7 12. Nd5 Nxd5 13. Bxd5 Nb4 14. Bb3 f5 15. Nxe5
Qe8 16. Nf3 fxe4 17. dxe4 Bxf3 18. gxf3 Qh5 19. Kg2 Bg5 20. f4 Qxd1 21. Raxd1
Bxf4 22. Bxf4 Rxf4 23. e5 dxe5 24. Rxe5 Raf8 25. Rd2 Nc6 26. Rc5 g6 27. c3 R4f5
28. Rxf5 Rxf5 29. Bd5 Nxa5 30. b4 Nc6 31. Bxc6 bxc6 1/2-1/2

[Event "TCh-POL Ekstraliga 2018"]
[Site "Poland POL"]
[Date "2018.10.27"]
[Round "8.4"]
[Board "2"]
[White "Matuszewski, Michal"]
[Black "Ponizil, Cyril"]
[Result "1-0"]
[WhiteTitle "IM"]
[BlackTitle "IM"]
[WhiteElo "2505"]
[BlackElo "2493"]
[WhiteTeam "TS Wisla Krakow"]
[BlackTeam "UKS Hetman Czestochowa"]
[WhiteFideId "1129775"]
[BlackFideId "322202"]
[EventDate "2018.06.08"]

1. d4 Nf6 2. Bg5 e6 3. e4 h6 4. Bxf6 Qxf6 5. c3 d6 6. Bd3 e5 7. Ne2 g6 8. O-O
Bg7 9. f4 Qe7 10. Nd2 Nd7 11. Nf3 O-O 12. Qe1 b6 13. f5 exd4 14. cxd4 c5 15. Nf4
g5 16. Nd5 Qd8 17. Qg3 Bb7 18. h4 gxh4 19. Qxd6 Bxd5 20. Qxd5 cxd4 21. Rae1 Nc5
22. Qc4 Bf6 23. e5 Bg5 24. f6 Kh8 25. Nxg5 hxg5 26. Qc1 1-0

[Event "TCh-POL Ekstraliga 2018"]
[Site "Poland POL"]
[Date "2018.10.27"]
[Round "8.4"]
[Board "3"]
[White "Zwardon, Vojtech"]
[Black "Leniart, Arkadiusz"]
[Result "1/2-1/2"]
[WhiteTitle "IM"]
[BlackTitle "IM"]
[WhiteElo "2424"]
[BlackElo "2489"]
[WhiteTeam "UKS Hetman Czestochowa"]
[BlackTeam "TS Wisla Krakow"]
[WhiteFideId "325511"]
[BlackFideId "1124226"]
[EventDate "2018.06.08"]

1. c4 e5 2. g3 c6 3. d4 exd4 4. Nf3 c5 5. e3 dxe3 6. Bxe3 Be7 7. Bg2 Nf6 8. Nc3
O-O 9. O-O d6 10. Qc2 Bd7 11. Rad1 Na6 12. Nh4 Nb4 13. Qb1 Ng4 14. Nf5 Bxf5 15.
Qxf5 Nxe3 16. fxe3 Rb8 17. Nd5 g6 18. Qf2 Nxd5 19. Bxd5 Kg7 20. Qf3 Bf6 21. b3
Qe7 22. Rd2 Be5 23. Rdf2 f5 24. Qg2 b6 25. g4 f4 26. Rf3 fxe3 27. Rf7+ Rxf7 28.
Rxf7+ Qxf7 29. Bxf7 Bd4 30. Qe4 Kxf7 31. Kf1 Rf8 32. Ke2 Kg7 33. Kd3 Rf2 34.
Qe7+ Kg8 35. Qe8+ 1/2-1/2

[Event "TCh-POL Ekstraliga 2018"]
[Site "Poland POL"]
[Date "2018.10.27"]
[Round "8.4"]
[Board "4"]
[White "Tomczak, Mikolaj"]
[Black "Piesik, Piotr"]
[Result "1-0"]
[WhiteTitle "FM"]
[BlackTitle "FM"]
[WhiteElo "2418"]
[BlackElo "2353"]
[WhiteTeam "TS Wisla Krakow"]
[BlackTeam "UKS Hetman Czestochowa"]
[WhiteFideId "1175114"]
[BlackFideId "1136194"]
[EventDate "2018.06.08"]

1. e4 g6 2. d4 Bg7 3. Nc3 c6 4. Bc4 b5 5. Bb3 b4 6. Nce2 d5 7. e5 Nh6 8. a3 bxa3
9. Rxa3 O-O 10. Nf4 f6 11. Nf3 Na6 12. O-O Nc7 13. h3 Nf7 14. Re1 fxe5 15. dxe5
e6 16. Nd3 Ba6 17. Bd2 Bxd3 18. cxd3 Nb5 19. Ra4 c5 20. h4 Qb8 21. h5 Nxe5 22.
Nxe5 Bxe5 23. hxg6 Rf5 24. gxh7+ Kh8 25. Rg4 Qb7 26. Rxe5 Rxe5 27. Bf4 Rf5 28.
Qe2 Nd4 29. Be5+ Kxh7 30. Rh4+ Kg6 31. Bxd4 Qe7 32. Rg4+ Rg5 33. Bxd5 Re8 34.
Be4+ Kf7 35. Qf3+ 1-0

[Event "TCh-POL Ekstraliga 2018"]
[Site "Poland POL"]
[Date "2018.10.27"]
[Round "8.4"]
[Board "5"]
[White "Paszewski, Mateusz"]
[Black "Mikrut, Dariusz"]
[Result "1/2-1/2"]
[WhiteTitle "FM"]
[BlackTitle "IM"]
[WhiteElo "2322"]
[BlackElo "2379"]
[WhiteTeam "UKS Hetman Czestochowa"]
[BlackTeam "TS Wisla Krakow"]
[WhiteFideId "1141058"]
[BlackFideId "1112791"]
[EventDate "2018.06.08"]

1. e4 e5 2. Nf3 Nc6 3. Bc4 Nf6 4. d3 Bc5 5. O-O d6 6. c3 a6 7. a4 h6 8. Re1 Ba7
9. Nbd2 Ne7 10. Nf1 Ng6 11. h3 O-O 12. Bb3 Re8 13. Ng3 c6 14. d4 Be6 15. Bc2 b5
16. Be3 Qc7 17. Qd2 Kh7 18. Nf5 Bxf5 19. exf5 Nf8 20. dxe5 dxe5 21. Bxa7 Rxa7
22. axb5 cxb5 23. Qe3 N8d7 24. Nd2 Nb6 25. Ne4 Nxe4 26. Qxe4 Nd7 27. Rad1 Nf6
28. Qe2 a5 29. g4 e4 30. Rd4 Qb8 31. Qd2 Rae7 32. Kg2 Re5 33. Re3 Qb7 34. Bb3 a4
35. Ba2 Qa7 36. Kg1 Qc7 1/2-1/2

[Event "TCh-POL Ekstraliga 2018"]
[Site "Poland POL"]
[Date "2018.10.27"]
[Round "8.4"]
[Board "6"]
[White "Leks, Maria"]
[Black "Lach, Aleksandra"]
[Result "0-1"]
[WhiteTitle "WCM"]
[BlackTitle "WIM"]
[WhiteElo "2145"]
[BlackElo "2209"]
[WhiteTeam "TS Wisla Krakow"]
[BlackTeam "UKS Hetman Czestochowa"]
[WhiteFideId "1134957"]
[BlackFideId "1134299"]
[EventDate "2018.06.08"]

1. e4 c5 2. Nf3 d6 3. d4 cxd4 4. Nxd4 Nf6 5. Nc3 a6 6. Be2 e5 7. Nb3 Be7 8. Bg5
Nbd7 9. a4 O-O 10. O-O h6 11. Bxf6 Nxf6 12. Bf3 Be6 13. Re1 Qd7 14. a5 Bd8 15.
Qd3 Bc7 16. Nd2 Qc6 17. Nd5 Bxd5 18. exd5 Qd7 19. b4 Nh7 20. Bd1 f5 21. c4 e4
22. Qb3 Bd8 23. c5 Nf6 24. Nc4 dxc5 25. d6 Kh7 26. bxc5 Qb5 27. Qxb5 axb5 28.
Nb6 Bxb6 29. cxb6 Nd5 30. Bb3 Nc3 31. f3 Rf6 32. d7 Rd6 33. fxe4 fxe4 34. Bc2
Rd4 35. Ra3 b4 36. Rxc3 bxc3 37. Rxe4 Rxe4 38. Bxe4+ g6 39. a6 c2 40. Bxc2 bxa6
41. Kf2 Kg7 42. Ke3 Kf6 43. Kd4 Ke7 44. Ba4 Kd6 45. Kc4 Rb8 46. h3 a5 47. Kb5
Kxd7 48. Kxa5+ Kd6 49. Bc2 Kc5 50. Bxg6 Ra8# 0-1

[Event "TCh-POL Ekstraliga 2018"]
[Site "Poland POL"]
[Date "2018.10.27"]
[Round "8.5"]
[Board "1"]
[White "Antoniewski, Rafal"]
[Black "Kuzmicz, Krystian"]
[Result "1/2-1/2"]
[WhiteTitle "GM"]
[BlackTitle "IM"]
[WhiteElo "2521"]
[BlackElo "2460"]
[WhiteTeam "LKS Wrzos Miedzyborow"]
[BlackTeam "Bialy Krol Wisznia Mala"]
[WhiteFideId "1111078"]
[BlackFideId "1119125"]
[EventDate "2018.06.08"]

1. e4 g6 2. d4 Bg7 3. Nf3 d6 4. h3 Nf6 5. Nc3 c6 6. a4 Qc7 7. Be3 Nbd7 8. Be2
O-O 9. O-O e5 10. dxe5 dxe5 11. a5 Rd8 12. Qb1 Nf8 13. Qa2 Be6 14. Qa3 h6 15.
Rfd1 Rxd1+ 16. Rxd1 N8d7 17. Nd2 Bf8 18. Qa4 Qc8 19. Bc4 Nc5 20. Qa2 Bxc4 21.
Qxc4 b5 22. axb6 axb6 23. Bxc5 Bxc5 24. Nf3 Nd7 25. h4 Qe8 26. g3 b5 27. Qe2 Nf6
28. Kg2 Ng4 29. Rf1 Qe6 30. h5 Rd8 31. Nh4 Be7 32. Rh1 Bg5 33. Nf3 Be7 34. Nh4
Bg5 35. Nf3 Be7 1/2-1/2

[Event "TCh-POL Ekstraliga 2018"]
[Site "Poland POL"]
[Date "2018.10.27"]
[Round "8.5"]
[Board "2"]
[White "Brodowski, Piotr"]
[Black "Cyborowski, Lukasz"]
[Result "1/2-1/2"]
[WhiteTitle "IM"]
[BlackTitle "GM"]
[WhiteElo "2437"]
[BlackElo "2514"]
[WhiteTeam "Bialy Krol Wisznia Mala"]
[BlackTeam "LKS Wrzos Miedzyborow"]
[WhiteFideId "1124480"]
[BlackFideId "1108760"]
[EventDate "2018.06.08"]

1. Nf3 Nf6 2. c4 c6 3. Nc3 d5 4. e3 g6 5. Qb3 e6 6. d4 Bg7 7. Qa3 Bf8 8. Qb3 Bg7
9. Qa3 Bf8 10. Qb3 Bg7 1/2-1/2

[Event "TCh-POL Ekstraliga 2018"]
[Site "Poland POL"]
[Date "2018.10.27"]
[Round "8.5"]
[Board "3"]
[White "Nurkiewicz, Maciej"]
[Black "Butkiewicz, Lukasz"]
[Result "0-1"]
[BlackTitle "IM"]
[WhiteElo "2370"]
[BlackElo "2449"]
[WhiteTeam "LKS Wrzos Miedzyborow"]
[BlackTeam "Bialy Krol Wisznia Mala"]
[WhiteFideId "1107046"]
[BlackFideId "1122428"]
[EventDate "2018.06.08"]

1. e4 c5 2. Nf3 e6 3. d4 cxd4 4. Nxd4 Nc6 5. Nb5 d6 6. c4 Be7 7. Be2 a6 8. N5c3
Nf6 9. O-O O-O 10. Be3 b6 11. Na3 Ne5 12. f4 Ned7 13. Bf3 Bb7 14. Qe2 Qc7 15.
Rac1 Rac8 16. g4 h6 17. h4 Nh7 18. g5 hxg5 19. hxg5 e5 20. Nd5 Qd8 21. g6 fxg6
22. Bg4 Bxd5 23. exd5 Rb8 24. Be6+ Kh8 25. Qh2 exf4 26. Bxf4 Ne5 27. Kg2 Rxf4
28. Rxf4 Bg5 29. Rh1 Bh6 30. Qg3 Qe7 31. Nc2 Bxf4 32. Qxf4 g5 33. Qd4 Rf8 34.
Ne3 Ng6 35. Qe4 Nh4+ 36. Kg1 Qf6 37. Ng4 Qxb2 38. Rxh4 gxh4 39. Bf5 Qc1+ 40. Kg2
h3+ 41. Kg3 Qg1+ 42. Kh4 h2 0-1

[Event "TCh-POL Ekstraliga 2018"]
[Site "Poland POL"]
[Date "2018.10.27"]
[Round "8.5"]
[Board "4"]
[White "Skawinski, Arkadiusz"]
[Black "Bartel, Michal"]
[Result "1/2-1/2"]
[WhiteTitle "FM"]
[BlackTitle "FM"]
[WhiteElo "2425"]
[BlackElo "2360"]
[WhiteTeam "Bialy Krol Wisznia Mala"]
[BlackTeam "LKS Wrzos Miedzyborow"]
[WhiteFideId "1126415"]
[BlackFideId "1119257"]
[EventDate "2018.06.08"]

1. e4 e6 2. d4 d5 3. exd5 exd5 4. Nf3 Nf6 5. c4 Bb4+ 6. Nc3 O-O 7. Be2 dxc4 8.
Bxc4 Bg4 9. O-O h6 10. h3 Bxf3 11. Qxf3 c6 12. Rd1 Nbd7 13. Bf4 Qa5 14. Rac1
Rad8 15. Bb3 Qh5 16. g4 Qh4 17. d5 Nc5 18. Bc4 Bxc3 19. Rxc3 Nce4 20. Rcd3 h5
21. dxc6 Rxd3 22. Bxd3 hxg4 23. hxg4 bxc6 24. Bxe4 Nxe4 25. Rd4 Nf6 26. Bg3 Qg5
27. Qf4 Qg6 28. Qf5 Qxf5 29. gxf5 Re8 30. Ra4 Re7 31. Ra6 Ne4 32. Bf4 c5 33. f3
Nf6 34. Kf2 Rd7 35. Rd6 Rb7 36. Be5 Nd7 37. Bc3 Kf8 38. Rc6 f6 39. b3 Ke7 40.
Ke2 Rb6 41. Rxb6 1/2-1/2

[Event "TCh-POL Ekstraliga 2018"]
[Site "Poland POL"]
[Date "2018.10.27"]
[Round "8.5"]
[Board "5"]
[White "Sliwerski, Radoslaw"]
[Black "Luch, Michal"]
[Result "1/2-1/2"]
[BlackTitle "IM"]
[WhiteElo "2006"]
[BlackElo "2395"]
[WhiteTeam "LKS Wrzos Miedzyborow"]
[BlackTeam "Bialy Krol Wisznia Mala"]
[WhiteFideId "1115308"]
[BlackFideId "1120042"]
[EventDate "2018.06.08"]

1. d4 f5 2. Nf3 Nf6 3. g3 g6 4. Bg2 Bg7 5. b4 c6 6. Bb2 O-O 7. c4 d6 8. Nbd2 Kh8
9. O-O Be6 10. Qc2 Qc7 11. Rfc1 Nbd7 12. a4 Bg8 13. b5 a6 14. Ne1 Rac8 15. bxc6
bxc6 16. a5 Rb8 17. Bc3 e5 18. dxe5 Nxe5 19. Nd3 c5 20. Rcb1 Bf7 21. Rb6 Rxb6
22. axb6 Qxb6 23. Nxe5 dxe5 24. Bxe5 Re8 25. f4 Ng4 26. Bxg7+ Kxg7 27. e4 fxe4
28. Nxe4 Qb4 29. Rb1 Qa3 30. Qb2+ Qxb2 31. Rxb2 Re7 32. Bf3 Bxc4 33. Rc2 Bd3 34.
Rxc5 Bxe4 35. Bxg4 Ra7 36. Ra5 Bd3 37. Kf2 Rc7 38. Ra2 Bb5 39. Be2 Kf6 40. Bxb5
axb5 41. Ke3 Kf5 42. Rb2 Rb7 43. Rb4 Kg4 44. Kf2 Kh3 45. f5 g5 46. Kf3 h5 47.
Rb2 b4 48. Ke4 h4 49. gxh4 Kxh4 1/2-1/2

[Event "TCh-POL Ekstraliga 2018"]
[Site "Poland POL"]
[Date "2018.10.27"]
[Round "8.5"]
[Board "6"]
[White "Bartel, Marta"]
[Black "Kulon, Klaudia"]
[Result "1-0"]
[WhiteTitle "WGM"]
[BlackTitle "WGM"]
[WhiteElo "2247"]
[BlackElo "2356"]
[WhiteTeam "Bialy Krol Wisznia Mala"]
[BlackTeam "LKS Wrzos Miedzyborow"]
[WhiteFideId "1123009"]
[BlackFideId "1131044"]
[EventDate "2018.06.08"]

1. d4 Nf6 2. Bf4 g6 3. Nc3 Bg7 4. e4 c5 5. dxc5 Qa5 6. Bd3 Na6 7. Nf3 Nxc5 8.
O-O O-O 9. Qd2 b6 10. Bh6 Bb7 11. Rfe1 Rfe8 12. Bxg7 Kxg7 13. a3 Nxd3 14. Qxd3
Qh5 15. Rad1 d6 16. h3 Rad8 17. Nd5 Bxd5 18. exd5 Rc8 19. c4 b5 20. cxb5 Rc5 21.
a4 Rxd5 22. Qe3 Rxd1 23. Rxd1 Qc5 24. Qxc5 dxc5 25. Ne5 e6 26. Rc1 Rc8 27. b4 c4
28. Rxc4 Ra8 29. Rc7 Nd5 30. Rxf7+ Kg8 31. Rb7 Nxb4 32. a5 Rc8 33. Nd7 Rc1+ 34.
Kh2 a6 35. b6 Rb1 36. Nf6+ Kf8 37. Rc7 Nd5 38. Nxd5 exd5 39. b7 1-0

[Event "TCh-POL Ekstraliga 2018"]
[Site "Poland POL"]
[Date "2018.10.28"]
[Round "9.1"]
[Board "1"]
[White "Piorun, Kacper"]
[Black "Nasuta, Grzegorz"]
[Result "0-1"]
[WhiteTitle "GM"]
[BlackTitle "IM"]
[WhiteElo "2631"]
[BlackElo "2490"]
[WhiteTeam "KSz Stilon Gorzow Wlkp."]
[BlackTeam "UKS Hetman Czestochowa"]
[WhiteFideId "1130420"]
[BlackFideId "1141686"]
[EventDate "2018.06.08"]

1. e4 e5 2. Nf3 Nc6 3. Bb5 a6 4. Ba4 Nf6 5. O-O Be7 6. Re1 b5 7. Bb3 d6 8. c3
O-O 9. h3 Nb8 10. d4 Nbd7 11. Nbd2 Bb7 12. Bc2 c5 13. d5 c4 14. Nf1 Qc7 15. g4
a5 16. Ng3 g6 17. Bh6 Rfb8 18. Qd2 b4 19. Kh2 Ba6 20. Ng5 bxc3 21. bxc3 Rb2 22.
Re2 Nc5 23. Qe3 Rab8 24. Qf3 Bd8 25. Nh5 Qe7 26. Nxf6+ Qxf6 27. Qg3 Qf4 28. Qxf4
exf4 29. Nf3 Na4 30. Bxf4 Nxc3 31. Rd2 Bc7 32. e5 dxe5 33. Bxe5 Bxe5+ 34. Nxe5
Ne4 35. Re2 Nc3 36. Rd2 Ne4 37. Re2 c3 38. Rxe4 Rxc2 39. Re3 Rxf2+ 40. Kg3 Rd2
41. Nc6 Rb5 42. Rxc3 Kf8 43. Ra3 Rdxd5 44. Rc1 Bb7 45. Rc4 Rd2 46. Kf4 Rf2+ 47.
Ke3 Rbb2 48. Rxa5 Rbe2+ 49. Kd3 Rxa2 50. Rxa2 Rxa2 51. Nb8 Bg2 52. Ke3 Bxh3 53.
Nd7+ Kg7 54. Ne5 Bg2 55. Rd4 Ra5 56. Nd3 Bd5 57. Nf4 Ba2 58. Kf3 Ra3+ 59. Kf2
Kf6 60. Nd3 Be6 61. Nc5 Ke5 62. Rb4 Rc3 63. Rb5 Bc4 64. Rb4 Kf4 65. Na4 Rc2+ 66.
Ke1 Ke3 67. Kd1 Bd3 68. Nb2 Rd2+ 69. Ke1 Re2+ 70. Kd1 Rg2 71. Nxd3 Kxd3 72. Ke1
Ke3 73. Rb3+ Kf4 74. Rb7 Kxg4 75. Rxf7 h5 76. Kf1 Rg3 77. Kf2 h4 78. Ra7 g5 79.
Ra1 Rf3+ 80. Kg2 h3+ 81. Kh2 Rf2+ 82. Kh1 Kh4 83. Ra3 g4 84. Ra4 Kg3 85. Ra3+
Rf3 86. Ra1 Re3 87. Rb1 Kf3 88. Kh2 Re2+ 89. Kg1 g3 90. Ra1 Rg2+ 91. Kh1 Rd2 0-1

[Event "TCh-POL Ekstraliga 2018"]
[Site "Poland POL"]
[Date "2018.10.28"]
[Round "9.1"]
[Board "2"]
[White "Ponizil, Cyril"]
[Black "Krasenkow, Michal"]
[Result "1/2-1/2"]
[WhiteTitle "IM"]
[BlackTitle "GM"]
[WhiteElo "2493"]
[BlackElo "2631"]
[WhiteTeam "UKS Hetman Czestochowa"]
[BlackTeam "KSz Stilon Gorzow Wlkp."]
[WhiteFideId "322202"]
[BlackFideId "1113100"]
[EventDate "2018.06.08"]

1. e4 c5 2. Nf3 Nc6 3. Nc3 e5 4. Bc4 Be7 5. d3 d6 6. O-O Nf6 7. h3 O-O 8. a4 Kh8
9. Ng5 Qe8 10. f4 h6 11. Nf3 exf4 12. Bxf4 Be6 13. Qd2 Qd7 14. Nd5 Nh7 15. Rae1
Bd8 16. Bg3 Ng5 17. Nh4 Ba5 18. c3 Ne5 19. Nf5 a6 20. Bb3 b5 21. h4 Nh7 22. d4
cxd4 23. Qxd4 Bxf5 24. exf5 Rfe8 25. axb5 axb5 26. Kh1 Bd8 27. Bxe5 dxe5 28.
Rxe5 Rxe5 29. Qxe5 Nf6 30. Rd1 Qa7 31. Qd4 Qxd4 32. Rxd4 Ra1+ 33. Kh2 h5 34.
Nxf6 Bxf6 35. Re4 g6 36. Bxf7 gxf5 37. Rb4 Be5+ 38. g3 Re1 39. Bxh5 Re3 40. Rxb5
Bxg3+ 41. Kg2 Bxh4 42. Rxf5 Be1 43. Rf3 Re5 44. Bf7 Kg7 45. Bc4 Bd2 46. Kf2 Re4
47. Rd3 Be1+ 48. Kf1 Kf6 49. Bd5 Re5 50. Rd1 Bg3 51. b4 Re3 52. c4 Rb3 53. b5
Rb2 54. Rd3 Bd6 55. Bf3 Bc5 56. Rd5 Be3 57. Be2 Rc2 58. Bd3 Rf2+ 59. Ke1 Rg2 60.
Rf5+ Ke6 61. c5 Rh2 62. c6 Bb6 63. Rg5 Ba5+ 64. Kf1 Kd6 65. Rg7 Kc5 66. Rb7 Rh8
67. Ke2 Rc8 68. Rf7 Rc7 69. Rf5+ Kb6 70. Be4 Rg7 71. Kd3 Be1 72. Kd4 Bh4 73. Bd3
Rg4+ 74. Kc3 Bg3 75. Rf8 Be5+ 76. Kc2 Rg2+ 77. Kb3 Rb2+ 78. Kc4 Rxb5 79. Be4
Rc5+ 80. Kd3 Bc7 81. Rf1 1/2-1/2

[Event "TCh-POL Ekstraliga 2018"]
[Site "Poland POL"]
[Date "2018.10.28"]
[Round "9.1"]
[Board "3"]
[White "Heberla, Bartlomiej"]
[Black "Zwardon, Vojtech"]
[Result "1-0"]
[WhiteTitle "GM"]
[BlackTitle "IM"]
[WhiteElo "2569"]
[BlackElo "2424"]
[WhiteTeam "KSz Stilon Gorzow Wlkp."]
[BlackTeam "UKS Hetman Czestochowa"]
[WhiteFideId "1115120"]
[BlackFideId "325511"]
[EventDate "2018.06.08"]

1. d4 Nf6 2. c4 e5 3. dxe5 Ng4 4. Bf4 g5 5. Bd2 Nxe5 6. Nf3 Nbc6 7. Nxe5 Nxe5 8.
Bc3 d6 9. e3 Rg8 10. Qc2 Qf6 11. Qxh7 Rg6 12. h4 Bf5 13. hxg5 Rxg5 14. Qh4 Qg6
15. Nd2 Nd3+ 16. Bxd3 Bxd3 17. g3 Bc2 18. Qd4 O-O-O 19. Qf6 d5 20. Qxg6 Rxg6 21.
Rc1 Bd3 22. cxd5 Rxd5 23. Rh8 Rd8 24. Nf3 Re6 25. Rd1 Ree8 26. Ne5 Rxe5 27. Rxd3
Ree8 28. Rxd8+ Kxd8 29. Ke2 c5 30. a4 Ke7 31. Kd3 Rc8 32. Kc4 Rc6 33. g4 Re6 34.
g5 1-0

[Event "TCh-POL Ekstraliga 2018"]
[Site "Poland POL"]
[Date "2018.10.28"]
[Round "9.1"]
[Board "4"]
[White "Piesik, Piotr"]
[Black "Kanarek, Marcel"]
[Result "1/2-1/2"]
[WhiteTitle "FM"]
[BlackTitle "GM"]
[WhiteElo "2353"]
[BlackElo "2505"]
[WhiteTeam "UKS Hetman Czestochowa"]
[BlackTeam "KSz Stilon Gorzow Wlkp."]
[WhiteFideId "1136194"]
[BlackFideId "1126822"]
[EventDate "2018.06.08"]

1. Nf3 Nf6 2. g3 g6 3. Bg2 Bg7 4. O-O O-O 5. d4 d5 6. Nbd2 c6 7. c4 Bf5 8. b3 a5
9. Bb2 a4 10. Qc1 Ne4 11. Rd1 Qa5 12. Nxe4 Bxe4 13. Nd2 Bxg2 14. Kxg2 b5 15.
cxb5 cxb5 16. bxa4 bxa4 17. Nf3 a3 18. Bc3 Qa6 19. Bb4 Nc6 20. Bxa3 Nxd4 21.
Nxd4 Qxa3 22. Qxa3 Rxa3 23. Rd2 Rfa8 24. e3 e6 25. g4 R8a4 26. h3 Bxd4 27. Rxd4
Rxd4 28. exd4 g5 29. f3 Kg7 30. Kg3 Kf6 31. h4 gxh4+ 32. Kxh4 Ra4 33. Kg3 Rxd4
34. a4 Rc4 35. a5 Rc7 36. a6 Ra7 37. f4 h6 38. Ra5 Kg6 39. Kh4 f5 40. Ra1 fxg4
41. Kxg4 Kf6 42. Kf3 Ke7 43. Kg4 Kd6 44. Kh5 Kc5 45. Kxh6 Kb5 46. Rb1+ Kc5 47.
Ra1 d4 48. Kg5 d3 49. Kg4 d2 50. Rd1 Rxa6 51. Rxd2 Ra4 1/2-1/2

[Event "TCh-POL Ekstraliga 2018"]
[Site "Poland POL"]
[Date "2018.10.28"]
[Round "9.1"]
[Board "5"]
[White "Klim, Kamil"]
[Black "Paszewski, Mateusz"]
[Result "1-0"]
[BlackTitle "FM"]
[WhiteElo "2365"]
[BlackElo "2322"]
[WhiteTeam "KSz Stilon Gorzow Wlkp."]
[BlackTeam "UKS Hetman Czestochowa"]
[WhiteFideId "1130633"]
[BlackFideId "1141058"]
[EventDate "2018.06.08"]

1. d4 d5 2. c4 c6 3. Nf3 Nf6 4. Nc3 e6 5. e3 Nbd7 6. Qc2 Bd6 7. Bd2 O-O 8. h3 a6
9. g4 g6 10. O-O-O dxc4 11. e4 e5 12. Bh6 exd4 13. Rxd4 Qe7 14. Bxc4 b5 15. Qd2
Bc5 16. Bxf8 Kxf8 17. Rxd7 Bxd7 18. e5 bxc4 19. exf6 Qxf6 20. Ng5 Qxf2 21. Qxd7
Be3+ 22. Kb1 Bxg5 23. Qxc6 Rd8 24. Qxc4 Rb8 25. b3 Re8 26. Rd1 Re1 27. Qd3 Re3
28. Qd6+ Kg8 29. Qc6 Bf6 30. Rc1 Rxh3 31. g5 Bxc3 32. Rxc3 Rh2 33. Qe8+ Kg7 34.
Qe5+ f6 35. Qe7+ 1-0

[Event "TCh-POL Ekstraliga 2018"]
[Site "Poland POL"]
[Date "2018.10.28"]
[Round "9.1"]
[Board "6"]
[White "Lach, Aleksandra"]
[Black "Szczepkowska, Karina"]
[Result "1/2-1/2"]
[WhiteTitle "WIM"]
[BlackTitle "IM"]
[WhiteElo "2209"]
[BlackElo "2412"]
[WhiteTeam "UKS Hetman Czestochowa"]
[BlackTeam "KSz Stilon Gorzow Wlkp."]
[WhiteFideId "1134299"]
[BlackFideId "1122681"]
[EventDate "2018.06.08"]

1. e4 e5 2. Nf3 Nc6 3. Bb5 a6 4. Ba4 Nf6 5. O-O Be7 6. Bxc6 dxc6 7. d3 Nd7 8. b3
O-O 9. Bb2 Bf6 10. Nbd2 c5 11. a4 b6 12. Nc4 Re8 13. h3 g6 14. Nh2 h5 15. Qd2
Bg5 16. Qc3 f6 17. g3 Bh6 18. f4 exf4 19. gxf4 Bg7 20. Ne3 Bb7 21. Nf3 Qe7 22.
Rae1 Qf7 23. Kh2 Nf8 24. Nh4 Kh7 25. Rg1 Rad8 26. Rg3 Rd7 27. Reg1 Bh6 28. Neg2
Rd6 29. Rf1 Bg7 30. Ne3 Bh6 31. Neg2 Bg7 32. Ne3 Bh6 33. Neg2 1/2-1/2

[Event "TCh-POL Ekstraliga 2018"]
[Site "Poland POL"]
[Date "2018.10.28"]
[Round "9.2"]
[Board "1"]
[White "Moranda, Wojciech"]
[Black "Tomczak, Jacek"]
[Result "1-0"]
[WhiteTitle "GM"]
[BlackTitle "GM"]
[WhiteElo "2601"]
[BlackElo "2598"]
[WhiteTeam "WIEZA PEGOW"]
[BlackTeam "Akademia Szachowa ChessGrow Gliwice"]
[WhiteFideId "1122401"]
[BlackFideId "1124668"]
[EventDate "2018.06.08"]

1. Nf3 Nf6 2. c4 c5 3. Nc3 d5 4. cxd5 Nxd5 5. d4 Nxc3 6. bxc3 g6 7. g3 Bg7 8.
Bg2 O-O 9. O-O Nc6 10. d5 Na5 11. Bf4 Bf5 12. Rc1 Be4 13. c4 Bb2 14. Bh6 Qb6 15.
Bxf8 Rxf8 16. Qd2 Bxc1 17. Rxc1 Rd8 18. Ne5 Bxg2 19. Kxg2 Qc7 20. Qf4 f6 21. Nd3
Qxf4 22. Nxf4 Rd6 23. Nd3 e6 24. Nxc5 exd5 25. cxd5 Rxd5 26. Ne4 Re5 27. Nxf6+
Kf7 28. Nxh7 Nc6 29. h4 Rxe2 30. Ng5+ Kf6 31. a3 Ra2 32. Rc3 Ne5 33. Kh3 b5 34.
Rc7 Nd3 35. f4 Nf2+ 36. Kg2 Nd1+ 37. Kf3 Rxa3+ 38. Ke2 Nc3+ 39. Rxc3 Rxc3 40.
Ne4+ Kf5 41. Nxc3 b4 42. Nd5 b3 43. Kd3 Kg4 44. Kc3 Kxg3 45. f5 1-0